Quizzes
Events
Quiz Creation
Community
Videos
Private Events
Remove Ads
Sign In
Join for FREE
Feedback
Dark Mode
Quiz Categories
Sports
Geography
Music
Movies
Television
Just For Fun
Miscellaneous
History
Literature
Language
Science
Gaming
Entertainment
Religion
Holiday
For Kids
Quiz Lab
Recent
Popular Today
Quiz Kudos Today
Editor Picks
Curator Picks
Quizzes by...
Day
Popularity
Type
Ratings
Length
Year
Community
Subscriptions
Recent Discussions
Orange Saloon
Badges
Playlists
Quests
Create
Leaderboards
Showdown
Live 5
Trivia Bingo
Activity
Puzzle Library
Sporcle Events
Private Events
Virtual Trivia
Globe League
Become a Host
Pub Owners
SporcleCon
Opinionation
Our Games
Videos
Blog
Mobile Apps
Partnerships
Remove Ads and Go Orange
Feedback
Science
Computer
Plants
Astronomy
Chemistry
Elements
Math
Animal
Physics
Anatomy
Biology
Geology
General Science
Science
Computer
Plants
Astronomy
Chemistry
Elements
Math
Animal
Physics
Anatomy
Biology
Geology
General Science
Random Quiz
Search Sporcle
×
Quiz Lab
Quiz Lab
Science
Medical Terminology
Type in answers that appear in a list
Type in answers that appear in a list
Classic
Best Score? Go Orange.
Otorhinolaryn...what? Stats
Can you name the definition of the medical term?
By
Chutee
15m
84 Questions
458 Plays
458 Plays
458 Plays
Comments
Comments
Give Quiz Kudos
Give Quiz Kudos
-
- Ratings
hide this ad
Forced Order
Answers have to be entered in order
Answers have to be entered in order
Random Order
Randomize order of answers
Randomize order of answers
Replay
Link that replays current quiz
Next Quiz
Link to next quiz in quiz playlist
You Got
0%
They Got
Avg Score
53%
Avg Friend Score
Upgrade to see
Score Distribution
Jump to the score distribution portion of the page
Score
0/84
Timer
15:00
0
Plays Today
Combining Form or Suffix
Definitions
% Correct
cardi/
o, card/
o
heart
81%
gastr/
o
stomach
80.8%
derm/
o, dermat/
o
skin
80.1%
rhin/
o
nose
79.9%
leuk/
o
white
78.2%
oste/
o
bone
78.2%
-
itis
inflammation
75.8%
append/
o, appendic/
o
appendix
75.5%
hemat/
o, hem/
o
blood
74.7%
ophthalm/
o
eye
74.7%
cyan/
o
blue
74.5%
mamm/
o, mast/
o
breast
74.2%
col/
o, colon/
o
large intestine
73.8%
laryng/
o
larynx
73.8%
hepat/
o
liver
72.9%
nephr/
o
kidney
72.7%
arteri/
o
artery
72.1%
-
logy
study of
71.6%
lip/
o
fat
70.7%
-
cyte
cell
70.5%
-
algia
pain
70.3%
neur/
o
nerve
70.1%
cyt/
o
cell
69.9%
gynec/
o
woman
69.9%
glyc/
o
sugar
69.2%
encephal/
o
brain
69%
my/
o
muscle
69%
arthr/
o
joint
68.1%
Combining Form or Suffix
Definitions
% Correct
path/
o
disease
67.9%
-
megaly
large
67.9%
cephal/
o
head
67.7%
-
oma
tumor
67.7%
-
pathy
disease
66.6%
ot/
o
ear
65.9%
phleb/
o
vein
65.7%
hyster/
o
uterus
63.8%
thromb/
o
clot
62.9%
-
rrhea
flow
62.4%
ur/
o
urinary tract
60.7%
ne/
o
new
59.4%
-
pnea
breathing
57.6%
-
cide
to kill
56.8%
aden/
o
gland
56.3%
electr/
o
electricity
55.9%
-
sclerosis
hardening
55.9%
-
logist
specialist
54.1%
-
ac, -
al
pertaining to
52.6%
narc/
o
sleep
52.4%
-
phobia
fear of
52%
sigmoid/
o
sigmoid
50.2%
-
stenosis
narrowing
49.8%
-
ic, -
ical
pertaining to
49.1%
-
plasty
surgical repair
48.9%
onc/
o
tumor
47.4%
-
dynia
pain
46.7%
-
cele
hernia
44.8%
Combining Form or Suffix
Definitions
% Correct
-
gram
record
44.8%
-
tomy
incision into
44.3%
-
ectomy
surgical removal
43.4%
-
plegia
paralysis
43.2%
enter/
o
small intestine
40.6%
-
emia
blood condition
39.3%
-
lysis
destruction
38.9%
salping/
o
fallopian tubes
36.2%
-
blast
immature cell
35.8%
-
ptosis
sag
35.2%
-
rrhaphy
suture
34.7%
-
ole
small
34.7%
crin/
o
secrete
33.2%
-
osis
abnormal condition
31.9%
-
plasia
development
31.7%
-
rrhexis
rupture
31.7%
-
clasis
to break
30.3%
-
uria
urination
28.6%
-
graphy
process of recording
24.9%
-
rrhagia
excessive flow
24.5%
-
metry
process of measuring
20.7%
-
tripsy
intentional crushing
20.3%
-
scopy
process of viewing
19.4%
-
meter
instrument used to measure
17.9%
-
centesis
surgical puncture to remove fluid
17.5%
-
scope
instrument used to view
17.2%
-
graph
instrument used to record
15.3%
-
stomy
surgical creation of new opening
12.9%
Quiz Playlist
Details
Report
Send in Message
Add To Playlist
Classic:
Type in answers that appear in a list
Forced Order:
Answers have to be entered in order
Random Order:
Randomize order of answers
Last Updated: Feb 16, 2017
Quiz Scoreboard
CHALLENGE
Sign Up to Join the Scoreboard
Show All
Scores
Hide
Comments
May contain spoilers
Recently Published
Billboard Blitz: Fleetwood Mac
by CooCooCachoo
Music
15s
Presidents Visiting Landmarks
by Hejman
History
7m
An Introduction to Baseball
by treessimontrees
Sports
5m
More to Explore
Quiz From the Vault
Featured Blog Post
Where Did the Easter Bunny Come From?
hide this ad
You Might Also Like...
Tags
Medical
Medical Terminology
Today's Top Quizzes in Science
Browse Science
hide this ad
Today's Top Quizzes in Medical Terminology
Browse Medical Terminology
Top Contributed Quizzes in Science
1
Quick Pick: Radians
2
Quick Pick: 'CI-CJ' Animals
3
Elements In Images
4
Name the Acid, Base or Salt
5
One Thing in Common: Science
6
One Thing in Common: Science III
7
One Thing in Common: Animals
8
Science Jokes
9
One Thing in Common: Science II
10
The First 100 Digits of Pi
Explore More
Trending Topics
Crossword
Disney
NBA
Anime
Harry Potter
Kpop
Marvel
NFL
Soccer
Puzzle
The Office
Pokémon
Country
WWE
Song
hide this ad
More By:
Chutee
Quiz
Plays
Rating
Category
Featured
Created
Prefix+Word Root+Suffix
4,972
Science
Nov 4, 2010
Prefixes and Whole Body Terminology
661
5.00
Science
Nov 3, 2010
Otorhinolaryn...what?
458
1.50
Science
Oct 26, 2010
Go to Creator's Profile
Score Distribution
Quiz Creator Spotlight
Chutee
Follow
Send a Message
Quizzes Created
-
Created Quiz Play Count
-
More By This Creator
Popular Quizzes Today
1
Find the US States - No Outlines Minefield
2
Find the Countries of Europe - No Outlines Minefield
3
The Countries of the World
4
Find the US States
5
US States
6
Popular People in 1961
7
Risky Map Clicking: Biggest States A-Z
8
Movies - When Are They Set?
More Science Quizzes
Right or Wrong Element?
Published
Trending Quizzes
Risky Map Clicking: Least Populous States A-Z
1-10 Letter G Words
1-10 Letter F Words
Risky Map Clicking: Next State Alphabetically
Risky Map Clicking: Biggest States A-Z
Recently Updated
Leaping Animals
pecheneg
Reality TV Shows (A-Z)
bhenderson79
Rickey Henderson's Hall of Fame Teammates
pecheneg
Champions League XIs: Arsenal
pecheneg
Quick Pick: Celebrities in WWE's Hall of Fame
aduchscher
A-Z Keypad Blitz II
pecheneg
Multiple Oscar Actors
pecheneg
Mystery Phrase Blitz: Oscar 'Best Actors'
pecheneg
F. Scott Fitzgerald Novels
LTH
Pick 3 Villains
ddd62291
Trending Topics
Harry Potter
NBA
Kpop
Anime
Crossword
Marvel
Disney
Country
WWE
Song
Pokémon
Soccer
Puzzle
NFL
The Office
Your Account Isn't Verified!
In order to create a playlist on Sporcle, you need to verify the email address you used during registration. Go to your
Sporcle Settings
to finish the process.
Report this User
Report this user for behavior that violates our
Community Guidelines
.
Details:
Send Report
Go to the Sporcle.com Mobile Site →
Comments